000 00637cam a22001817a 4500
008 180718b1997 xxu||||| |||| 00| 0 eng d
020 _a0821340840
082 _aT000x5 Sa58
100 _aSanjayan, M.A.
245 _aExperiences with integrated-conservation development projects in Asia
_cby M.A. Sanjayan, Susan Shen and Malcolm Jansen
260 _aWashington, D.C.
_bWorld Bank
_c1997
300 _a41p.
440 _aWorld Bank technical paper no. 388
650 _aSustainable development - Asia
650 _aEconomic development projects - Environmental aspects - Asia
700 _aJansen, Malcolm
700 _aShen, Susan
999 _c271052
_d271052